| 000 | 00455nas a2200169 a 4500 | ||
|---|---|---|---|
| 003 | DLC | ||
| 005 | 20210219153745.0 | ||
| 008 | 010725c 9999 r1 0 0eng d | ||
| 035 | _aUPN01000110082 | ||
| 245 | 0 | 0 | _aALEA TODAY |
| 260 |
_aAustralia : _bAustralian Literacy Educators' Association |
||
| 500 | _aTítulo sustituto * | ||
| 505 | 0 | _aPor el título: ECOLE DES PARENTS | |
| 653 | 0 | _aALFABETIZACION | |
| 905 | _aRevista | ||
| 999 |
_c83991 _d83991 |
||